[Event "AUTO-ADV-2036"]
[Site "http://www.queenalice.com/game.php?id=885504"]
[Date "2011.1.13"]
[Round "1"]
[White "DORLISS"]
[Black "basetorre02"]
[Result "0-1"]
[WhiteElo "1864"]
[BlackElo "1742"]

1. e4 c5 2. Nf3 d6 3. d4 cxd4 4. Nxd4 Nf6 5. Nc3 a6 6. f3 e6 7. Bc4 Be7 8. Be3
Qc7 9. Bb3 Nc6 10. Qd2 O-O 11. O-O-O b5 12. g4 b4 13. Nce2 Nxd4 14. Nxd4 a5 15.
h4 a4 16. g5 Nd7 17. h5 axb3 18. Nxb3 Nc5 19. Kb1 Nxb3 20. cxb3 Qa5 21. g6 Bb7
22. h6 Rfc8 23. gxf7+ Kxf7 24. hxg7 Qxa2# 0-1

[Event "AUTO-ADV-2040"]
[Site "http://www.queenalice.com/game.php?id=887127"]
[Date "2011.1.16"]
[Round "1"]
[White "rocha"]
[Black "basetorre02"]
[Result "1-0"]
[WhiteElo "1588"]
[BlackElo "1764"]

1. e4 c5 2. c3 Nf6 3. d3 d6 4. h3 Nc6 5. f3 e6 6. g4 Be7 7. h4 b5 8. a3 a5 9. a4
b4 10. f4 e5 11. g5 Bg4 12. Be2 Qd7 13. Nh3 Bxh3 14. Bf1 Bxf1 15. Kxf1 Ng8 16.
Be3 f6 17. f5 h6 18. Qh5+ Kd8 19. Ke2 fxg5 20. hxg5 Kc7 21. Nd2 bxc3 22. bxc3
Rb8 23. Nb1 Rb2+ 24. Kd1 Bf8 25. Kc1 Rb3 26. Kc2 Rb8 27. Na3 Na7 28. Nc4 Ne7 29.
g6 Nec6 30. Rhb1 Be7 31. Rxb8 Rxb8 32. Nb2 d5 33. Rd1 d4 34. Bd2 Qc8 35. Nc4 Qb7
36. Bc1 1-0

[Event "AUTO-ADV-2040"]
[Site "http://www.queenalice.com/game.php?id=887128"]
[Date "2011.1.16"]
[Round "1"]
[White "basetorre02"]
[Black "rocha"]
[Result "1-0"]
[WhiteElo "1762"]
[BlackElo "1616"]

1. d4 d5 2. c4 c6 3. Nc3 Be6 4. cxd5 Bxd5 5. e4 Be6 6. Nf3 f6 7. Bd3 Bc8 8. Bf4
Nd7 9. e5 e6 10. O-O h6 11. exf6 gxf6 12. Bg6+ Ke7 13. Qb3 f5 14. Ne5 Kf6 15.
Bh5 Nb6 16. Nf7 Qe8 17. Qd1 Rh7 18. Be5+ Ke7 19. Ng5 Qd7 20. Nxh7 Qd8 21. g4 Kd7
22. Nxf8+ Qxf8 23. Na4 Nd5 24. Nc5+ Kd8 25. Qb3 b6 26. Nd3 Nge7 27. Bd6 Qg8 28.
h3 Nf6 29. Kh2 fxg4 30. Ne5 Bb7 31. Nf7+ Ke8 32. Nxh6+ Kf8 33. Nxg8 Nxg8 34.
Qxe6 1-0

[Event "AUTO-ADV-2040"]
[Site "http://www.queenalice.com/game.php?id=887139"]
[Date "2011.1.16"]
[Round "1"]
[White "Artking"]
[Black "basetorre02"]
[Result "1-0"]
[WhiteElo "1978"]
[BlackElo "1772"]

1. e4 c5 2. Nf3 d6 3. d4 cxd4 4. Nxd4 Nf6 5. Nc3 a6 6. Bg5 e6 7. f4 Qc7 8. Bd3
Be7 9. O-O Nc6 10. Nxc6 bxc6 11. Kh1 O-O 12. Qf3 Bb7 13. g4 d5 14. exd5 cxd5 15.
Bxf6 Bxf6 16. g5 Bxc3 17. bxc3 d4 18. Be4 Bxe4 19. Qxe4 Qxc3 20. Rae1 Rac8 21.
Re2 Rfd8 22. Rb1 d3 23. cxd3 Qxd3 24. Qxd3 Rxd3 25. Kg2 g6 26. Rb7 Rcd8 27. Kf2
R8d4 28. Reb2 Rd2+ 29. Ke3 R2d3+ 30. Ke2 Rh3 31. R7b4 Rxb4 32. Rxb4 Rxh2+ 33.
Kd3 Rxa2 34. Kd4 a5 35. Rb7 a4 36. Ke5 Kg7 37. Kd6 a3 38. Ke7 Rf2 39. Rb4 a2 40.
Ra4 1-0

[Event "AUTO-ADV-2040"]
[Site "http://www.queenalice.com/game.php?id=887140"]
[Date "2011.1.16"]
[Round "1"]
[White "basetorre02"]
[Black "Artking"]
[Result "0-1"]
[WhiteElo "1769"]
[BlackElo "1982"]

1. d4 Nf6 2. c4 g6 3. Nc3 Bg7 4. e4 d6 5. Be2 O-O 6. Be3 e5 7. d5 Nbd7 8. Qd2 a6
9. h4 Nh5 10. Bxh5 gxh5 11. Bh6 Qf6 12. Bxg7 Qxg7 13. O-O-O h6 14. Nge2 b5 15.
cxb5 axb5 16. Nxb5 Rxa2 17. Kb1 Ra4 18. Nec3 Ra5 19. f3 Nc5 20. g4 Nb3 21. Qe3
hxg4 22. fxg4 Bxg4 23. h5 Ra1+ 24. Kc2 Rxd1 25. Nxd1 Nc5 26. Rg1 f5 27. exf5
Bxf5+ 28. Kc3 e4+ 29. Nd4 Bg4 30. Qg3 Rf3+ 31. Kc4 Rxg3 32. Rxg3 Kf7 33. Ne3
Be2+ 34. Nxe2 Qxb2 35. Nd4 Nd3 36. Nc6 Qc1+ 37. Kb5 Qc5+ 38. Ka6 Qb6# 0-1

[Event "AUTO-ADV-2040"]
[Site "http://www.queenalice.com/game.php?id=887147"]
[Date "2011.1.16"]
[Round "1"]
[White "basetorre02"]
[Black "luizpessoa"]
[Result "0-1"]
[WhiteElo "1741"]
[BlackElo "1692"]

1. d4 h6 2. c4 Nf6 3. Nc3 e6 4. e4 Bb4 5. e5 Ne4 6. Bd2 Bxc3 7. Bxc3 Nxc3 8.
bxc3 d6 9. Nf3 dxe5 10. Be2 exd4 11. cxd4 c6 12. Ne5 Qd6 13. Bh5 g6 14. Bf3 Nd7
15. Nxd7 Bxd7 16. O-O a6 17. c5 Qe7 18. Re1 O-O 19. Qd2 h5 20. Rab1 f5 21. Qg5
Qg7 22. Rxb7 Rab8 23. Reb1 Rxb7 24. Rxb7 Kh7 25. Bxc6 Rf7 26. Rxd7 Rxd7 27. Bxd7
Qxd4 28. Qe7+ Kh6 29. h4 Qa1+ 30. Kh2 Qe5+ 31. Kh3 Qc3+ 32. g3 Qe1 33. Bc6 Qxf2
34. Qxe6 Qxc5 35. Be8 Kh7 36. Qxg6+ Kh8 37. Bf7 Qf8 38. Qxh5+ Kg7 39. Qg6+ Kh8
40. Qxf5 Qg7 41. Qh5+ Qh7 42. Qxh7+ Kxh7 43. g4 Kh6 44. g5+ Kh7 45. h5 a5 46.
Kg4 a4 47. Kf5 Kh8 0-1

[Event "AUTO-ADV-2040"]
[Site "http://www.queenalice.com/game.php?id=887148"]
[Date "2011.1.16"]
[Round "1"]
[White "luizpessoa"]
[Black "basetorre02"]
[Result "0-1"]
[WhiteElo "1858"]
[BlackElo "1763"]

1. e4 c5 2. Bc4 d6 3. h3 Nf6 4. Nf3 Nxe4 5. d3 Nf6 6. Ng5 e6 7. Nf3 Be7 8. Bg5
d5 9. Bb3 Nc6 10. O-O O-O 11. c3 Qc7 12. Bxf6 Bxf6 13. d4 cxd4 14. cxd4 Qf4 15.
g3 Qf5 16. Bc2 Qh5 17. Kg2 e5 18. dxe5 Bxh3+ 19. Kg1 Nxe5 20. Nxe5 Qxd1 21. Rxd1
Bxe5 22. Nc3 Bxc3 23. bxc3 Rad8 24. Bb3 Be6 25. c4 dxc4 26. Bc2 b5 27. Rxd8 Rxd8
28. Rd1 Rxd1+ 29. Bxd1 a5 30. a3 b4 31. axb4 axb4 32. Kf1 f5 33. Ke2 Kf7 34. Ke3
Kf6 35. f4 g5 36. g4 gxf4+ 37. Kxf4 fxg4 38. Be2 b3 39. Bd1 Bf5 40. Be2 c3 41.
Bc4 c2 42. Bxb3 c1=Q+ 43. Kg3 Qc3+ 44. Kf4 Qf3# 0-1

[Event "AUTO-INT-2083"]
[Site "http://www.queenalice.com/game.php?id=958912"]
[Date "2011.7.10"]
[Round "1"]
[White "papyrusmoon"]
[Black "basetorre02"]
[Result "0-1"]
[WhiteElo "1507"]
[BlackElo "1692"]

1. e4 c5 2. Nf3 d6 3. d4 cxd4 4. Nxd4 Nf6 5. Nc3 a6 6. Bg5 e6 7. Bc4 Be7 8. O-O
O-O 9. Qe2 b5 10. Bb3 Bb7 11. a4 b4 12. Na2 a5 13. c3 Qb6 14. Rac1 Nbd7 15. Bc4
h6 16. Bh4 Rfe8 17. cxb4 Qxd4 18. Rfd1 Qxe4 19. Qd2 Qxg2# 0-1

[Event "AUTO-INT-2083"]
[Site "http://www.queenalice.com/game.php?id=958913"]
[Date "2011.7.10"]
[Round "1"]
[White "basetorre02"]
[Black "papyrusmoon"]
[Result "0-1"]
[WhiteElo "1644"]
[BlackElo "1535"]

1. f4 d5 2. Nf3 Nf6 3. e3 e6 4. Nc3 Bb4 5. d3 O-O 6. Bd2 Nc6 7. a3 Ba5 8. Be2
Bd7 9. O-O Qe7 10. b4 Bb6 11. b5 Na5 12. a4 a6 13. Ne5 Qd6 14. g4 c6 15. g5 Nh5
16. Bxh5 cxb5 17. axb5 axb5 18. Qg4 f5 19. gxf6 Rxf6 20. Qe2 g6 0-1

[Event "AUTO-INT-2083"]
[Site "http://www.queenalice.com/game.php?id=958932"]
[Date "2011.7.10"]
[Round "1"]
[White "basetorre02"]
[Black "kinggeorge"]
[Result "0-1"]
[WhiteElo "1624"]
[BlackElo "1390"]

1. c4 e5 2. Nc3 Qf6 3. Nd5 Qc6 4. b3 Na6 5. Bb2 Qg6 6. Bxe5 Bc5 7. Nxc7+ Nxc7 8.
Bxc7 Qf6 9. Nf3 g5 10. d4 Bb4+ 11. Nd2 Qxd4 12. e3 Qc5 13. Bg3 h5 14. h3 h4 15.
Bh2 a5 16. Qc2 a4 17. Qe4+ Ne7 18. Be5 axb3 19. Bxh8 bxa2 20. Bd4 Qa5 21. Qc2 d5
22. Bd3 Bf5 23. e4 dxe4 24. Bb6 Qxb6 0-1

[Event "AUTO-INT-2083"]
[Site "http://www.queenalice.com/game.php?id=958933"]
[Date "2011.7.10"]
[Round "1"]
[White "kinggeorge"]
[Black "basetorre02"]
[Result "1-0"]
[WhiteElo "1415"]
[BlackElo "1599"]

1. e4 c5 2. Bc4 e6 3. h4 Nc6 4. f4 d5 5. Bb3 b5 6. a4 Qa5 7. exd5 exd5 8. Bxd5
Bb7 9. Rh3 Nf6 10. Qe2+ Be7 11. Raa3 Nd4 12. Qd3 Bxd5 13. c3 Ne6 14. Ne2 Be4 15.
Qg3 Bxb1 16. d3 b4 17. Rb3 Qxa4 18. f5 Qxb3 19. fxe6 Qxe6 20. Qxg7 Rg8 21. Qh6
Rxg2 22. Re3 1-0

[Event "AUTO-ADV-2216"]
[Site "http://www.queenalice.com/game.php?id=959396"]
[Date "2011.7.12"]
[Round "1"]
[White "KingHermano"]
[Black "basetorre02"]
[Result "1-0"]
[WhiteElo "1902"]
[BlackElo "1697"]

1. e4 c5 2. Nf3 d6 3. h3 Nc6 4. Bb5 Bd7 5. O-O Nf6 6. d3 g6 7. Bxc6 Bxc6 8. c4
Bg7 9. a4 O-O 10. Nc3 a6 11. Be3 1-0

[Event "AUTO-ADV-2216"]
[Site "http://www.queenalice.com/game.php?id=959397"]
[Date "2011.7.12"]
[Round "1"]
[White "basetorre02"]
[Black "KingHermano"]
[Result "0-1"]
[WhiteElo "1689"]
[BlackElo "1906"]

1. f4 d6 2. d4 Nf6 3. Nf3 Nc6 4. e3 a6 5. c4 b6 6. Nc3 Bb7 7. Be2 g6 8. O-O Bg7
9. b3 O-O 10. Bb2 e6 0-1

[Event "AUTO-ADV-2216"]
[Site "http://www.queenalice.com/game.php?id=959411"]
[Date "2011.7.12"]
[Round "1"]
[White "michas"]
[Black "basetorre02"]
[Result "1-0"]
[WhiteElo "1825"]
[BlackElo "1653"]

1. h4 d5 2. h5 e5 3. h6 Nxh6 4. d4 e4 5. Bxh6 gxh6 6. Nc3 Nc6 7. e3 Be6 8. Qh5
Qg5 9. Qh2 Nb4 10. O-O-O O-O-O 11. a3 Bd6 12. g3 Nc6 13. Nb5 Bf8 14. f4 1-0

[Event "AUTO-ADV-2216"]
[Site "http://www.queenalice.com/game.php?id=959412"]
[Date "2011.7.12"]
[Round "1"]
[White "basetorre02"]
[Black "luiz_gustavo"]
[Result "0-1"]
[WhiteElo "1678"]
[BlackElo "1813"]

1. c4 e5 2. Nc3 Nf6 3. d3 Bb4 4. Bg5 h6 5. Bd2 O-O 6. Nf3 Re8 7. e3 Nc6 8. Be2
Bxc3 9. Bxc3 d6 10. O-O Bg4 0-1

[Event "AUTO-ADV-2216"]
[Site "http://www.queenalice.com/game.php?id=959413"]
[Date "2011.7.12"]
[Round "1"]
[White "luiz_gustavo"]
[Black "basetorre02"]
[Result "1-0"]
[WhiteElo "1824"]
[BlackElo "1667"]

1. e4 c5 2. Nf3 e6 3. Nc3 a6 4. a3 Nc6 5. Bc4 Nf6 6. O-O Be7 7. Re1 O-O 8. d3 b5
9. Ba2 Bb7 10. Bg5 Qc7 11. Ne2 Rad8 12. c3 1-0

[Event "AUTO-ADV-1995"]
[Site "http://www.queenalice.com/game.php?id=959662"]
[Date "2011.7.12"]
[Round "2"]
[White "Fariajj"]
[Black "basetorre02"]
[Result "1-0"]
[WhiteElo "2006"]
[BlackElo "1701"]

1. d4 Nf6 2. c4 e6 3. Nc3 Bb4 4. Bg5 c5 5. Bxf6 Qxf6 6. e3 Nc6 7. a3 Bxc3+ 8.
bxc3 d5 9. Nf3 e5 10. cxd5 Na5 11. Qa4+ 1-0

[Event "AUTO-ADV-1995"]
[Site "http://www.queenalice.com/game.php?id=959663"]
[Date "2011.7.12"]
[Round "2"]
[White "basetorre02"]
[Black "Fariajj"]
[Result "0-1"]
[WhiteElo "1682"]
[BlackElo "1987"]

1. e4 c5 2. Nf3 d6 3. d4 cxd4 4. c3 dxc3 5. Nxc3 e6 6. Bb5+ Bd7 7. O-O a6 8. Be2
Be7 9. Be3 Nc6 10. Nd4 Qc7 11. Rc1 Nf6 12. f3 O-O 0-1